000 00254nam a2200109Ia 4500
008 191206s9999 xx 000 0 und d
020 _a70372322
090 _aML1950.L38
245 4 _aThe musical theatre
260 _alibrary of congress
260 _cc1987
999 _c17108
_d17108